Life: Advanced. Student's Book
Uloženo v:
| Hlavní autoři: | , , |
|---|---|
| Médium: | Kniha |
| Jazyk: | angličtina |
| Vydáno: |
Hampshire
National Geographic Learning
2014
Hampshire Cengage Learning 2014 |
| Vydání: | 1a. ed |
| Témata: | |
| Tagy: |
Přidat tag
Žádné tagy, Buďte první, kdo vytvoří štítek k tomuto záznamu!
|
MARC
| LEADER | 00000cam a2200000 a 4500 | ||
|---|---|---|---|
| 001 | UCE7563 | ||
| 003 | CL-VaPUC | ||
| 008 | 150626e20140000uk |||||||||||||||||eng|d | ||
| 020 | |a 9781133315735 | ||
| 082 | 0 | 4 | |a 428 |b DUM |2 21 |
| 100 | 0 | |a Dummet, Paul |e author |9 580223 | |
| 700 | |a Hughes, John |e author |9 591967 | ||
| 700 | 0 | |a Stephenson, Helen |e author |9 580225 | |
| 245 | 1 | 0 | |a Life: Advanced. Student's Book |
| 250 | |a 1a. ed | ||
| 300 | |a 182 p | ||
| 942 | |c BK | ||
| 945 | |d 20150626 15:30:00 |a dcastane | ||
| 260 | |a Hampshire |b National Geographic Learning |c 2014 | ||
| 260 | |a Hampshire |b Cengage Learning |c 2014 | ||
| 500 | |a Incluye DVD | ||
| 650 | 0 | |a Educación lingüística |9 306506 | |
| 650 | 0 | |a Métodos de enseñanza |9 270413 | |
| 650 | 0 | |a Enseñanza del inglés |9 367340 | |
| 650 | 0 | |a Lengua inglesa |9 318842 | |
| 650 | 0 | |a Libros de texto |9 270019 | |
| 583 | |a last modification |c 20150626 15:30:00 |k Rodrigo Vera | ||
| 999 | |c 359620 |d 359618 | ||
| 952 | |0 0 |1 0 |3 erb |4 0 |6 428_000000000000000_DUM_2014_2014 |7 0 |8 ? |9 468980 |a FDOILP |b FDOILP |i 5166527 |o 428 DUM 2014 2014 |p 5166527 |r 2019-11-23 |w 2019-11-23 |y BK |z Catalogado en:20150626 |k ILP | ||
| 952 | |0 0 |1 0 |3 erb |4 0 |6 428_000000000000000_DUM_2014_2014 |7 0 |8 ? |9 468981 |a FDOILP |b FDOILP |i 5166535 |o 428 DUM 2014 2014 |p 5166535 |r 2019-11-23 |w 2019-11-23 |y BK |z Catalogado en:20150626 |k ILP | ||
| 952 | |0 0 |1 0 |3 erb |4 0 |6 428_000000000000000_DUM_2014_2014 |7 0 |8 ? |9 468982 |a FDOILP |b FDOILP |i 5166543 |o 428 DUM 2014 2014 |p 5166543 |r 2019-11-23 |w 2019-11-23 |y BK |z Catalogado en:20150626 |k ILP | ||
| 952 | |0 0 |1 0 |3 erb |4 0 |6 428_000000000000000_DUM_2014_2014 |7 0 |8 ? |9 468983 |a FDOILP |b FDOILP |i 5166551 |o 428 DUM 2014 2014 |p 5166551 |r 2019-11-23 |w 2019-11-23 |y BK |z Catalogado en:20150626 |k ILP | ||
| 952 | |0 0 |1 0 |3 erb |4 0 |6 428_000000000000000_DUM_2014_2014 |7 0 |8 ? |9 468984 |a FDOILP |b FDOILP |i 516656K |o 428 DUM 2014 2014 |p 516656K |r 2019-11-23 |w 2019-11-23 |y BK |z Catalogado en:20150626 |k ILP | ||
| 952 | |0 0 |1 0 |3 erb |4 0 |6 428_000000000000000_DUM_2014_2014 |7 0 |8 ? |9 468985 |a FDOILP |b FDOILP |i 5166578 |o 428 DUM 2014 2014 |p 5166578 |r 2019-11-23 |w 2019-11-23 |y BK |z Catalogado en:20150626 |k ILP | ||
| 952 | |0 0 |1 0 |2 ddc |3 erb |4 0 |6 428_000000000000000_DUM_2014_2014 |7 0 |8 A |9 468986 |a BIBING |b BIBING |c RES |i 516737K |o 428 DUM 2014 2014 |p 516737K |r 2025-01-20 |w 2019-11-23 |y BK |z Catalogado en:20150626 |k ILI | ||
| 952 | |0 0 |1 0 |2 ddc |3 erb |4 0 |6 428_000000000000000_DUM_2014_2014 |7 0 |8 A |9 468987 |a BIBING |b BIBING |c RES |i 5167361 |o 428 DUM 2014 2014 |p 5167361 |r 2025-01-20 |w 2019-11-23 |y BK |z Catalogado en:20150626 |k ILI | ||
| 952 | |0 0 |1 0 |2 ddc |3 erb |4 0 |6 428_000000000000000_DUM_2014_2014 |7 0 |8 A |9 468988 |a BIBING |b BIBING |c RES |i 5167353 |o 428 DUM 2014 2014 |p 5167353 |r 2025-01-20 |w 2019-11-23 |y BK |z Catalogado en:20150626 |k ILI | ||
| 952 | |0 0 |1 0 |2 ddc |3 erb |4 0 |6 428_000000000000000_DUM_2014_2014 |7 0 |8 A |9 468989 |a BIBING |b BIBING |c RES |i 5167345 |o 428 DUM 2014 2014 |p 5167345 |r 2025-01-20 |w 2019-11-23 |y BK |z Catalogado en:20150626 |k ILI | ||
| 952 | |0 0 |1 0 |2 ddc |3 erb |4 0 |6 428_000000000000000_DUM_2014_2014 |7 0 |8 A |9 468990 |a BIBING |b BIBING |c RES |i 5167337 |o 428 DUM 2014 2014 |p 5167337 |r 2025-01-20 |w 2019-11-23 |y BK |z Catalogado en:20150626 |k ILI | ||
| 952 | |0 0 |1 0 |2 ddc |3 erb |4 0 |6 428_000000000000000_DUM_2014_2014 |7 0 |8 A |9 468991 |a BIBING |b BIBING |c RES |i 5167329 |o 428 DUM 2014 2014 |p 5167329 |r 2025-01-20 |w 2019-11-23 |y BK |z Catalogado en:20150626 |k ILI | ||
| 952 | |0 0 |1 0 |2 ddc |3 erb |4 0 |6 428_000000000000000_DUM_2014_2014 |7 0 |8 A |9 468992 |a BIBING |b BIBING |c RES |i 5167310 |o 428 DUM 2014 2014 |p 5167310 |r 2025-01-20 |w 2019-11-23 |y BK |z Catalogado en:20150626 |k ILI | ||
| 952 | |0 0 |1 2 |3 erb |4 0 |6 428_000000000000000_DUM_2014_2014 |7 0 |8 R |9 468993 |a BIBING |b BIBING |i 5167302 |o 428 DUM 2014 2014 |p 5167302 |r 2019-11-23 |w 2019-11-23 |y BK_R |z Catalogado en:20150626 |k ILI | ||
| 952 | |0 0 |1 0 |3 erb |4 0 |6 428_000000000000000_DUM_2014_2014 |7 0 |8 A |9 468994 |a BIBCUR |b BIBCUR |i 5168279 |o 428 DUM 2014 2014 |p 5168279 |r 2025-04-22 |w 2019-11-23 |y BK |z Catalogado en:20150626 |k ILC | ||
| 952 | |0 0 |1 0 |3 erb |4 0 |6 428_000000000000000_DUM_2014_2014 |7 0 |8 A |9 468995 |a BIBCUR |b BIBCUR |i 5168260 |o 428 DUM 2014 2014 |p 5168260 |r 2025-04-22 |w 2019-11-23 |y BK |z Catalogado en:20150626 |k ILC | ||
| 952 | |0 0 |1 0 |3 erb |4 0 |6 428_000000000000000_DUM_2014_2014 |7 0 |8 A |9 468996 |a BIBCUR |b BIBCUR |i 5168252 |l 1 |o 428 DUM 2014 2014 |p 5168252 |r 2025-04-22 |s 2025-04-08 |w 2019-11-23 |y BK |z Catalogado en:20150626 |k ILC | ||
| 952 | |0 0 |1 0 |3 erb |4 0 |6 428_000000000000000_DUM_2014_2014 |7 0 |8 A |9 468997 |a BIBCUR |b BIBCUR |i 5168244 |l 2 |m 1 |o 428 DUM 2014 2014 |p 5168244 |r 2025-04-22 |s 2023-06-07 |w 2019-11-23 |y BK |z Catalogado en:20150626 |k ILC | ||
| 952 | |0 0 |1 0 |3 erb |4 0 |6 428_000000000000000_DUM_2014_2014 |7 0 |8 A |9 468998 |a BIBCUR |b BIBCUR |i 5168236 |o 428 DUM 2014 2014 |p 5168236 |r 2025-04-22 |w 2019-11-23 |y BK |z Catalogado en:20150626 |k ILC | ||
| 952 | |0 0 |1 0 |3 erb |4 0 |6 428_000000000000000_DUM_2014_2014 |7 0 |8 A |9 468999 |a BIBCUR |b BIBCUR |i 5168228 |o 428 DUM 2014 2014 |p 5168228 |r 2025-04-22 |w 2019-11-23 |y BK |z Catalogado en:20150626 |k ILC | ||
| 952 | |0 0 |1 0 |3 erb |4 0 |6 428_000000000000000_DUM_2014_2014 |7 0 |8 A |9 469000 |a BIBCUR |b BIBCUR |i 516821K |o 428 DUM 2014 2014 |p 516821K |r 2025-04-22 |w 2019-11-23 |y BK |z Catalogado en:20150626 |k ILC | ||
| 952 | |0 0 |1 0 |3 erb |4 0 |6 428_000000000000000_DUM_2014_2014 |7 0 |8 A |9 469001 |a BIBCUR |b BIBCUR |i 5168201 |l 1 |m 1 |o 428 DUM 2014 2014 |p 5168201 |r 2025-04-22 |s 2023-08-07 |w 2019-11-23 |y BK |z Catalogado en:20150626 |k ILC | ||
| 952 | |0 0 |1 0 |2 ddc |3 erb |4 0 |6 428_000000000000000_DUM_2014_2014 |7 0 |8 A |9 469002 |a BIBENE |b BIBENE |i 5168775 |o 428 DUM 2014 2014 |p 5168775 |r 2025-01-15 |w 2019-11-23 |y BK |z Catalogado en:20150626 |k ILG | ||
| 952 | |0 0 |1 0 |2 ddc |3 erb |4 0 |6 428_000000000000000_DUM_2014_2014 |7 0 |8 A |9 469003 |a BIBENE |b BIBENE |i 5168767 |o 428 DUM 2014 2014 |p 5168767 |r 2025-01-15 |w 2019-11-23 |y BK |z Catalogado en:20150626 |k ILG | ||
| 952 | |0 0 |1 0 |2 ddc |3 erb |4 0 |6 428_000000000000000_DUM_2014_2014 |7 0 |8 A |9 469004 |a BIBENE |b BIBENE |i 5168759 |o 428 DUM 2014 2014 |p 5168759 |r 2025-01-15 |w 2019-11-23 |y BK |z Catalogado en:20150626 |k ILG | ||
| 952 | |0 0 |1 0 |2 ddc |3 erb |4 0 |6 428_000000000000000_DUM_2014_2014 |7 0 |8 A |9 469005 |a BIBENE |b BIBENE |i 5168740 |o 428 DUM 2014 2014 |p 5168740 |r 2025-01-15 |w 2019-11-23 |y BK |z Catalogado en:20150626 |k ILG | ||
| 952 | |0 0 |1 0 |2 ddc |3 erb |4 0 |6 428_000000000000000_DUM_2014_2014 |7 0 |8 A |9 469006 |a BIBENE |b BIBENE |i 5168732 |o 428 DUM 2014 2014 |p 5168732 |r 2025-01-15 |w 2019-11-23 |y BK |z Catalogado en:20150626 |k ILG | ||
| 952 | |0 0 |1 0 |2 ddc |3 erb |4 0 |6 428_000000000000000_DUM_2014_2014 |7 0 |8 A |9 469007 |a BIBENE |b BIBENE |i 5168724 |o 428 DUM 2014 2014 |p 5168724 |r 2025-01-15 |w 2019-11-23 |y BK |z Catalogado en:20150626 |k ILG | ||
| 952 | |0 0 |1 0 |2 ddc |3 erb |4 0 |6 428_000000000000000_DUM_2014_2014 |7 0 |8 A |9 469008 |a BIBENE |b BIBENE |i 5168716 |o 428 DUM 2014 2014 |p 5168716 |r 2025-01-15 |w 2019-11-23 |y BK |z Catalogado en:20150626 |k ILG | ||
| 952 | |0 0 |1 0 |2 ddc |3 erb |4 0 |6 428_000000000000000_DUM_2014_2014 |7 0 |8 A |9 469009 |a BIBENE |b BIBENE |i 5168708 |o 428 DUM 2014 2014 |p 5168708 |r 2025-01-15 |w 2019-11-23 |y BK |z Catalogado en:20150626 |k ILG | ||